00330pab a2200133 454500008004000000100001700040245004800057260000900105300001300114362001100127650002300138650001500161773002000176180718b2012 xxu||||| |||| 00| 0 eng d aMishra, P.N. aAncient Indian wisdom for modern management c2012 ap.77-81. a27 Feb aManagement - India aManagement aUniversity News